1041 1645 1658 1496 1950 1314 1049 1243 1995 1444 1288 1538 1848 1455 1404 1460 1769 1534 1625 1584 1727 1520 1427 1914 1526 1598 1538 1854 1381 1131 1071 1230 1696 1266 1794 1897 1748 1295 1178 1597 1566 1520 1331 1489 1682 1497 1211 1592 1491 1228 1709 1804 1541 1633 1309 1425 1424 1979 1318 1467 1087 1752 1691 1205 1203 1466 1559 1369 1370 1819 1231 1553 1188 1411 1999 1506 1842 1384 1602 1715 1023 1718 1451 1682 1089 1499 1745 1977 1584 1440 1266 1669 1203 1641 1644 1611 1536 1250 1415 BCNSPRNW ULIB Ver.6.0+V

เปลี่ยนเป็นภาษาไทย

Change to English
 แสดงรายละเอียดบรรณานุกรม
  กลับหน้าหลัก

Brief Record : Get Marc (ISO 2709) : E-mail record : QR code < ปิดหน้าต่าง
LEADER : 00000nam 2200000uu 4500
001    13399124129
003     ULIB
008    150119s2556||||th 000 0 tha d
020    ^a9786160812196
060  4 ^aWA400^bอ225อ
100    ^aอนุศักดิ์ ฉิ่นไพศาล
245    ^aอาชีวอนามัยและความปลอดภัย/^cอนุศักดิ์ ฉิ่นไพศาล
250    ^aพิมพ์ครั้งที่ 1
260    ^aกรุงเทพฯ :^bซีเอ็ดยูเคชั่น,^c2556
300    ^a416 หน้า;^b22 ซม.
650    ^aความปลอดภัย
650    ^aอาชีวอนามัย
945    ^p240^l0^i038467
945    ^p240^l0^i038468
999    ^aเกษร โพธิ์สุวรรณ
รายการนี้ยังไม่มีแท็ก
คุณยังไม่ได้ล็อกอิน คุณสามารถมีกิจกรรมร่วมกับเว็บไซต์ได้ แต่ต้องล็อกอินก่อน ::
  ล็อกอิน

รายการสื่อสารสนเทศ

ลำดับที่ ประเภท เลขเรียก/บาร์โค้ด สถานที่ สถานะ
1. วิทยาศาสตร์การแพทย์ และสุขภาพ
หนังสือสำรอง
สถานะ=หนังสือสำรอง
WA400 อ225อ ฉ.1 
  Barcode: 038467
ห้องสมุดวิทยาเขตสวรรค์ประชารักษ์
►หนังสือทั่วไป
บนชั้น
2. วิทยาศาสตร์การแพทย์ และสุขภาพ
วิทยาศาสตร์การแพทย์ และสุขภาพ
WA400 อ225อ ฉ.2 
  Barcode: 038468
ห้องสมุดวิทยาเขตสวรรค์ประชารักษ์
►ส่วนจัดเก็บหนังสือเก่า สปร
บนชั้น
  ขอยืม

รายการใกล้เคียง
    ผู้แต่ง [อนุศักดิ์ ฉิ่นไพศาล]

    หัวเรื่อง [ความปลอดภัย]
    หัวเรื่อง [อาชีวอนามัย]

BibComment


ยังไม่เคยถูกคอมเมนท์

คอมเมนท์ทรัพยากรรายการนี้
  คอมเมนท์: อาชีวอนามัยและคว..


 Copyright 2026. Bcnsprnw @Library